000 01015nam a2200217 a 4500
001 44492
005 20180714023351.0
008 140415s2000 mx 000 0 spa d
020 _a9685122261
041 _aspa
082 _a270.092
_bCAS
100 1 _aCASTRO RAMÍREZ, JOSÉ EDUARDO
245 1 0 _aPALAFOX SU PONTIFICADO EN PUEBLA, 1640-1649.
250 _a1a ed.
260 _aMEXICO :
_bSECRETARIA DE CULTURA, PUEBLA,
_c2000.
300 _a104 ;
_cx 14 x 21.
490 _aÁNGELES DE ESPEJO, PUEBLA
500 _aCOLECCIÓN PUEBLA
520 _aESTE ES UN LIBRO BIOGRÁFICO DE DON JUAN DE PALAFOX Y MENDOZA Y SU LABOR DESEMPEÑADA CON LOS INDIOS DE LA NUEVA ESPAÑA, PERO EN ESPECIAL DE SUS OBRAS EN PUEBLA DURANTE SU PONTIFICADO. NUESTRO INTENTO, ES TRATAR DE ELABORAR UN TRABAJO DE CONJUNTO, ES DECIR, ESTUDIAR TODOS AQUELLOS CAMPOS EN LOS QUE INFLUYO SU ACTUACION COMO PASTOR DE ALMAS, QUE ERA EN REALIDAD SU PRINCIPAL INTERES.
650 1 4 _aPALAFOX Y MENDOZA, JUAN DE,
_xBIOGRAFIA
999 _c44492
_d44492